• 首页
  • 本馆介绍
  • 公告通知
  • 最新文献
  • 馆藏检索
  • 电子资源
  • 读者导购
  • 参考咨询
  • 我的图书馆
  • 登录
  • 详细信息显示
  • 放入我的书架
  • 预约/预借图书
  • 作者相关作品
  • 分类相关作品
  • 丛书相关作品
  • 出版社相关作品

书目信息

  • 表格格式
  • 工作单格式
  • 卡片格式
题名:
服务营销管理
    
 
作者: 杜向荣 编著
分册:  
出版信息: 北京   清华大学出版社  2014.11
页数: 323页
开本: 26cm
丛书名:
单 册:
中图分类: F719.0
科图分类:
主题词: 服务营销--Fu Wu Ying Xiao--营销管理--教材 , 营销管理--Ying Xiao Guan Li , 教材--Jiao Cai
电子资源:
ISBN: 978-7-5121-2135-5
000 01150nam0 22002891 450
001 349832
005 20161009104051.14
010    @a978-7-5121-2135-5@dCNY39.00
100    @a20150106d2014 em y0chiy50 ea
101 0  @achi
102    @aCN@b110000
105    @ay z 000yy
106    @ar
200 1  @a服务营销管理@AFu Wu Ying Xiao Guan Li@f杜向荣编著
210    @a北京@c清华大学出版社@c北京交通大学出版社@d2014.11
215    @a323页@d26cm
300    @a21世纪经济学类管理学类专业主干课程系列教材
312    @a封面英文题名:Service marketing management
330    @a本书基于中国企业服务营销的现状,通过借鉴欧美现代服务营销的先进理论和方法,对服务营销理论的内容体系和方法体系进行了比较全面系统的研究。全书分为12章,包括:服务消费行为分析、竞争战略选择、服务产品策略、服务定价策略、服务渠道策略、服务促销策略、服务有形展示等。
510 1  @aService marketing management@zeng
606 0  @a服务营销@AFu Wu Ying Xiao@x营销管理@j教材
606 0  @a营销管理@AYing Xiao Guan Li
606 0  @a教材@AJiao Cai
690    @aF719.0@v5
701  0 @a杜向荣@ADu Xiang Rong@4编著
801  0 @aCN@bTANGWEI@20160802
905    @b0886985-9@dF719.0@e822@f5
    
    服务营销管理/杜向荣编著 .-北京:清华大学出版社:北京交通大学出版社,2014.11
    323页;26cm
    21世纪经济学类管理学类专业主干课程系列教材
    
    ISBN 978-7-5121-2135-5:CNY39.00
    本书基于中国企业服务营销的现状,通过借鉴欧美现代服务营销的先进理论和方法,对服务营销理论的内容体系和方法体系进行了比较全面系统的研究。全书分为12章,包括:服务消费行为分析、竞争战略选择、服务产品策略、服务定价策略、服务渠道策略、服务促销策略、服务有形展示等。
●
相关链接 在E读中查询图书 在五车中查询图书 在当当中查询图书 在豆瓣中查询图书


正题名:服务营销管理     索取号:F719.0/822         预约/预借

序号 登录号 条形码 馆藏地/架位号 状态 备注
1 0886985   208869857   第一样本阅览室/ [索取号:F719.0/822] 在馆    
2 0886986   208869866   第一借阅区/ [索取号:F719.0/822] 在馆    
3 0886987   208869875   第一借阅区/ [索取号:F719.0/822] 在馆    
4 0886988   208869884   第一借阅区/ [索取号:F719.0/822] 在馆    
5 0886989   208869893   密集书库-海洋学院/ [索取号:F719.0/822] 在馆    
唐山师范学院图书馆 欢迎您!
大连网信软件有限公司© 版权所有